Význam nádrží pri zásobovaní obyvateľstva pitnou vodou

Gespeichert in:
Bibliographische Detailangaben
1. Verfasser: Mačejovská, Michaela, 1990- (Verfasst von)
Weitere Verfasser: Bednárová, Emília, 1950- (Betreuung Doktorarbeit)
Format: Manuskript Buch
Sprache:Slowakisch
Veröffentlicht: Bratislava : STU v Bratislave SvF, 2014
Schlagworte:
Online-Zugang:VAIS
Tags: Tag hinzufügen
Keine Tags, Fügen Sie das erste Tag hinzu!

MARC

LEADER 00000ntm a22000003a 4500
001 stu297904
005 20150617230307.4
008 140919s2014----xo------------------slo-d
040 |a STU  |b slo 
041 0 |a slo 
044 |a xo 
100 1 |a Mačejovská, Michaela,  |d 1990-  |4 aut  |u V  |T SvF Stavebná fakulta  |X 9615  |U V  |Y 10  |7 A000009615 
242 0 0 |a IMPORTANCE OF WATER RESERVOIRS IN DRINKING WATER PROVISIONING TO THE POPULATION  |y eng 
245 1 |a Význam nádrží pri zásobovaní obyvateľstva pitnou vodou 
260 |a Bratislava :  |b STU v Bratislave SvF,  |c 2014 
650 7 |a drinking water  |2 estusub 
650 7 |a supply  |2 estusub 
650 7 |a pitná voda  |2 stusub 
700 1 |a Bednárová, Emília,  |d 1950-  |4 ths  |u V150  |U SvF Stavebná fakulta  |T SvF Katedra geotechniky  |X 1011  |U V150  |Y 15  |7 A000001011 
856 4 |a info a plný text  |u http://is.stuba.sk/zp/portal_zp.pl?podrobnosti=103576  |3 VAIS